| 000 | 00508nam a2200217Ia 4500 | ||
|---|---|---|---|
| 001 | 11951 | ||
| 003 | GE_BSU | ||
| 008 | 181216s||||||||xx |||||||||||||| ||und|| | ||
| 020 | _a9780750687539 | ||
| 040 | _cGE_BSU | ||
| 080 | _a658 | ||
| 245 | _aHandbook of Hospitality Operations and It | ||
| 245 | _cPeter Jones | ||
| 260 | _aAmsterdam | ||
| 260 | _bElsevier LTD | ||
| 260 | _c2008 | ||
| 300 | _a432p.25cm. | ||
| 541 | _h135Gel. | ||
| 653 | _aHandbook of Hospitality Operations and It | ||
| 942 | _cBK | ||
| 999 |
_c45128 _d45128 |
||